000 00529nam a22001457a 4500
003 MACL
005 20190623161338.0
008 190623b xxu||||| |||| 00| 0 eng d
040 _cMACL
100 _aधूमकेतु,जय प्रकाश
_975525
245 _aराहुल सांकृत्‍यायन मूल्‍य और मूल्‍यांकन
260 _aइलाहाबाद
_bप्रभाष प्रकाशन
_c2015
650 _aरचनावली
_9163
942 _2ddc
_cHIN
999 _c60250
_d60250